书目信息 |
| 题名: |
体育心理学
|
|
| 作者: | 松井三雄 著 | |
| 分册: | ||
| 出版信息: | 北京 人民体育出版社 1985.06 |
|
| 页数: | 295页 | |
| 开本: | 19cm | |
| 丛书名: | ||
| 单 册: | ||
| 中图分类: | G804.8 | |
| 科图分类: | ||
| 主题词: | 体育理论 | |
| 电子资源: | ||
| ISBN: | 7-5617-0627-8 | |
| 000 | 00576nam0 2200205 450 | |
| 001 | 0755108092 | |
| 005 | 20071119152155.24 | |
| 010 | @a7-5617-0627-8@dCNY1.95 | |
| 100 | @a20071119d1985 km y0chiy0120 ea | |
| 101 | 0 | @achi |
| 102 | @aCN@b110000 | |
| 102 | @aCN@b110000 | |
| 200 | 1 | @a体育心理学@Ati yu xin li xue@f(日)松井三雄著@F(ri)song jing san xiong zhu |
| 210 | @a北京@c人民体育出版社@d1985.06 | |
| 215 | @a295页@d19cm | |
| 606 | 0 | @a体育理论 |
| 690 | @aG804.8@v4 | |
| 701 | 0 | @a松井三雄@Asong jing san xiong@4著 |
| 801 | 0 | @aCN@bPFT@c20071119 |
| 905 | @aBZT@dG804.8@e20 | |
| 体育心理学/(日)松井三雄著.-北京:人民体育出版社,1985.06 |
| 295页;19cm |
| ISBN 7-5617-0627-8:CNY1.95 |
| ● |
| 相关链接 |
|
|
|
正题名:体育心理学
索取号:G804.8/20
 
预约/预借
| 序号 | 登录号 | 条形码 | 馆藏地/架位号 | 状态 | 备注 |
| 1 | 030381 | 200862432 | 中心书库北库/ 北库026架B面5列5层38/ [索取号:G804.8/20] | 在馆 | |
| 2 | 030382 | 200862423 | 中心书库北库/ 北库026架A面1列1层23/ [索取号:G804.8/20] | 在馆 | |
| 3 | 030383 | 200862414 | 中心书库北库/ 北库026架A面1列1层22/ [索取号:G804.8/20] | 在馆 |